[Event "Lublin op"]
[Site "Lublin"]
[Date "2009.06.14"]
[Round "9"]
[White "Toma, Katarzyna"]
[Black "Pikulinski, Andrzej"]
[Result "1-0"]
[WhiteElo "2218"]
[BlackElo "2209"]
[PlyCount "77"]
[EventDate "2009.06.08"]
[EventType "swiss"]
[EventRounds "9"]
[EventCountry "POL"]
[SourceTitle "CBM 130 Extra"]
[Source "ChessBase"]
[SourceDate "2009.07.02"]
[SourceVersion "2"]
[SourceVersionDate "2009.07.15"]
[SourceQuality "1"]

1. e4 Nc6 2. d4 d5 3. e5 Bf5 4. c3 Qd7 5. Nf3 f6 6. Bd3 fxe5 7. dxe5 0-0-0 8. Bf4 d4 9. Bb5 Bxb1 10. Qxb1 d3 11. 0-0 Qd5 12. a4 a6 13. Bxc6 Qxc6 14. b4 Qc4 15. Be3 Nh6 16. Rd1 Nf5 17. Bd4 Nxd4 18. cxd4 g5 19. Rc1 Qd5 20. Qxd3 g4 21. Qc2 c6 22. Nd2 Bh6 23. b5 Qxd4 24. bxc6 b6 25. c7 Rdf8 26. Nb3 Qxe5 27. Qc6 Bxc1 28. Rxc1 Qd6 29. Qa8+ Kd7 30. Qxa6 Ra8 31. Qb5+ Kc8 32. Qf5+ e6 33. Qxg4 Ra7 34. Rd1 Qe7 35. Qd4 Rf8 36. Qxb6 Rxc7 37. Qa6+ Kb8 38. Na5 Qc5 39. Rb1+ 1-0

[Event "Lublin op"]
[Site "Lublin"]
[Date "2009.06.11"]
[Round "5"]
[White "Pikulinski, Andrzej"]
[Black "Bielak, Pawel"]
[Result "0-1"]
[WhiteElo "2209"]
[BlackElo "2111"]
[PlyCount "118"]
[EventDate "2009.06.08"]
[EventType "swiss"]
[EventRounds "9"]
[EventCountry "POL"]
[SourceTitle "CBM 130 Extra"]
[Source "ChessBase"]
[SourceDate "2009.07.02"]
[SourceVersion "2"]
[SourceVersionDate "2009.07.15"]
[SourceQuality "1"]

1. b3 c5 2. Bb2 Nc6 3. f4 Nf6 4. e3 d5 5. Nf3 e6 6. Be2 Be7 7. 0-0 0-0 8. Ne5 Nxe5 9. fxe5 Nd7 10. Bd3 f5 11. exf6 Nxf6 12. c4 Qd6 13. Nc3 Bd7 14. Qe2 Rae8 15. e4 Qe5 16. exd5 Qxe2 17. Bxe2 exd5 18. cxd5 Bd6 19. Bb5 Be5 20. Bxd7 Bd4+ 21. Kh1 Nxd7 22. Na4 Bxb2 23. Nxb2 Re2 24. Rxf8+ Kxf8 25. Rd1 Re5 26. Nc4 Rxd5 27. Na5 b6 28. Nc6 a6 29. Rf1+ Nf6 30. Rf2 Rd6 31. Ne5 Ke7 32. Re2 Re6 33. Kg1 Ng4 34. d4 Nxe5 35. dxe5 Rc6 36. Kf2 Ke6 37. Kf3 c4 38. Kf4 b5 39. bxc4 Rxc4+ 40. Kf3 b4 41. Ke3 a5 42. Kd3 Rc5 43. Kd4 Rd5+ 44. Kc4 g5 45. g4 Rd1 46. Kb5 Rd5+ 47. Ka4 h6 48. h3 Rc5 49. Re3 Rd5 50. Re2 Rc5 51. Re3 Rc3 52. Rxc3 bxc3 53. Kb3 Kxe5 54. Kxc3 Kf4 55. Kc4 Kg3 56. a4 Kxh3 57. Kb5 Kxg4 58. Kxa5 h5 59. Kb6 h4 0-1

[Event "POL-chT 54th"]
[Site "Lubniewice"]
[Date "1998.11.03"]
[Round "3"]
[White "Orzechowski, Jacek"]
[Black "Pikulinski, Andrzej"]
[Result "1/2-1/2"]
[WhiteElo "2265"]
[BlackElo "2220"]
[PlyCount "74"]
[EventDate "1998.11.01"]
[EventType "team-tourn"]
[EventRounds "9"]
[EventCountry "POL"]
[SourceTitle "EXT 2019"]
[Source "ChessBase"]
[SourceDate "2018.10.10"]
[SourceVersion "1"]
[SourceVersionDate "2018.10.10"]
[SourceQuality "1"]
[WhiteTeam "Raciborz Rzemioslo"]
[BlackTeam "Lublin Drakon SKOK Chmielewskiego"]
[WhiteTeamCountry "POL"]
[BlackTeamCountry "POL"]

1. d4 d5 2. Bg5 f6 3. Bh4 Nc6 4. e3 Nh6 5. c4 e6 6. Nc3 Nf5 7. Bd3 dxc4 8. Bxf5 exf5 9. Qa4 Bb4 10. Nge2 Qd5 11. 0-0 Qa5 12. Qc2 0-0 13. Bg3 Bd6 14. a3 Ne7 15. Nb1 Be6 16. Nd2 b5 17. a4 a6 18. axb5 Qxb5 19. Rfc1 Rfb8 20. Rab1 Ra7 21. Nxc4 Bxg3 22. hxg3 Nd5 23. Na3 Qb6 24. Nf4 Nb4 25. Qc5 Bf7 26. Qxb6 Rxb6 27. Rc5 g5 28. Ne2 Kg7 29. Nc4 Rb5 30. Rxb5 axb5 31. Na3 Rb7 32. Rc1 Nd3 33. Rd1 Nxb2 34. Rb1 Nc4 35. Rxb5 Ra7 36. Nxc4 Bxc4 37. Rb2 Ra2 1/2-1/2

[Event "POL-chT U18"]
[Site "Poland"]
[Date "1996.??.??"]
[Round "?"]
[White "Mikrut, Dariusz"]
[Black "Pikulinski, Andrzej"]
[Result "1/2-1/2"]
[WhiteElo "2140"]
[BlackElo "2215"]
[PlyCount "100"]
[EventDate "1996.??.??"]
[EventType "team-tourn"]
[EventRounds "11"]
[EventCountry "POL"]
[SourceTitle "EXT 1999"]
[Source "ChessBase"]
[SourceDate "1998.11.16"]
[SourceVersion "1"]
[SourceVersionDate "1998.11.16"]
[SourceQuality "1"]

1. d4 Nf6 2. c4 e6 3. Nf3 Be7 4. Nc3 d5 5. Bg5 0-0 6. e3 h6 7. Bh4 b6 8. cxd5 exd5 9. Bd3 Bb7 10. 0-0 c5 11. Bxf6 Bxf6 12. Rc1 Nc6 13. dxc5 bxc5 14. Nxd5 Nb4 15. Nxb4 cxb4 16. b3 Bc3 17. Qe2 Qf6 18. Rfd1 Rad8 19. Bc4 g6 20. Rxd8 Rxd8 21. Rd1 Be4 22. Bd3 Bxd3 23. Rxd3 Kg7 24. Qd1 Rxd3 25. Qxd3 Qb6 26. e4 Qa5 27. Qe2 Qd8 28. g3 a5 29. Kg2 Kg8 30. Ng1 Bg7 31. Nh3 Qd4 32. Nf4 Kh7 33. Nd3 Qa1 34. e5 Qc3 35. h3 Qc6+ 36. Kh2 Qc3 37. f4 Qd4 38. g4 Qd7 39. Qe4 Qc8 40. Qe2 Qd7 41. Kg3 Qc8 42. Ne1 Qd7 43. Nf3 Qc8 44. Qb5 Qc7 45. Qd5 Bf8 46. h4 Kg7 47. h5 gxh5 48. gxh5 Qc2 49. Qd2 Qf5 50. Qh2 Bc5 1/2-1/2

[Event "POL-chT U18"]
[Site "Poland"]
[Date "1996.??.??"]
[Round "?"]
[White "Pikulinski, Andrzej"]
[Black "Kucharski, Tomasz"]
[Result "1-0"]
[WhiteElo "2215"]
[BlackElo "2100"]
[PlyCount "97"]
[EventDate "1996.??.??"]
[EventType "team-tourn"]
[EventRounds "11"]
[EventCountry "POL"]
[SourceTitle "EXT 1999"]
[Source "ChessBase"]
[SourceDate "1998.11.16"]
[SourceVersion "1"]
[SourceVersionDate "1998.11.16"]
[SourceQuality "1"]

1. e4 e6 2. d4 d5 3. Nc3 dxe4 4. Nxe4 Nd7 5. Nf3 Ngf6 6. Bg5 Be7 7. Nxf6+ Nxf6 8. Bd3 h6 9. Bh4 0-0 10. 0-0 c5 11. dxc5 Bxc5 12. Qe2 Be7 13. Rfd1 Qb6 14. c3 Bd7 15. Ne5 Be8 16. Bc2 Nd5 17. Qd3 g6 18. Bxe7 Nxe7 19. Bb3 Bc6 20. Qd4 Qxd4 21. Rxd4 Rfd8 22. Rad1 Rxd4 23. Rxd4 Bd5 24. Bxd5 Nxd5 25. c4 Rc8 26. Kf1 Nb6 27. b3 Rc7 28. h4 h5 29. Ke2 Kg7 30. Ke3 f6 31. Nd3 Kf7 32. Rd8 Nd7 33. Nf4 Ne5 34. Rh8 Re7 35. f3 Kg7 36. Rd8 Nc6 37. Rd1 Kh6 38. Rd6 Nb4 39. a4 e5 40. Nd3 Nxd3 41. Kxd3 f5 42. b4 e4+ 43. fxe4 Rxe4 44. Rd7 Rxh4 45. Rxb7 Rg4 46. c5 Rxg2 47. c6 Rg1 48. Rb5 Re1 49. c7 1-0

[Event "POL-ch U18"]
[Site "Brzeg Dolny"]
[Date "1995.??.??"]
[Round "2"]
[White "Pikulinski, Andrzej"]
[Black "Suleja, Jaroslaw"]
[Result "0-1"]
[WhiteElo "2155"]
[BlackElo "2235"]
[PlyCount "70"]
[EventDate "1995.??.??"]
[EventType "swiss"]
[EventRounds "11"]
[EventCountry "POL"]
[SourceTitle "EXT 2001"]
[Source "ChessBase"]
[SourceDate "2000.11.22"]
[SourceVersion "1"]
[SourceVersionDate "2000.11.22"]
[SourceQuality "1"]

1. e4 e6 2. d4 d5 3. Nc3 Bb4 4. e5 c5 5. a3 cxd4 6. axb4 dxc3 7. bxc3 Qc7 8. f4 Qxc3+ 9. Bd2 Qc7 10. Bd3 Nd7 11. Nf3 Nb6 12. Ra5 Bd7 13. Nd4 a6 14. 0-0 Ne7 15. Qg4 g6 16. Rfa1 Rc8 17. Rc5 Qd8 18. Rxc8 Qxc8 19. Qh4 Nc4 20. Bc1 Nc6 21. Nxc6 Qxc6 22. c3 0-0 23. Bxc4 Qxc4 24. Bd2 Bb5 25. Qf2 Rd8 26. Qh4 Rd7 27. Rc1 Qd3 28. Qf2 Rc7 29. g4 Rc4 30. Qb6 Qxd2 31. Qd8+ Kg7 32. Qf6+ Kf8 33. Qd8+ Be8 34. Rf1 Qe3+ 35. Kg2 Qe2+ 0-1